000 00590nam a2200205Ia 4500
003 LK-CoDNM
005 20240130141244.0
008 010623t1914 xxu||||| |||| 00| 1 eng d
040 _aLK-CoDNM
_dLK-CoDNM
_eLK-CoDNM
041 _aeng
_asin
080 _a104
_bO 3
245 _aබැප්ටිස්ට් ප්‍ර‍වෘත්ති
246 _aBaptist Messenger
260 _bAlliance press
_aColombo
_c1914
300 _b12p., 27 cm
650 _aBaptist union
650 _aChristian literature society
650 _aColombo baptist girl boarding school
942 _cBK
999 _c88206
_d88206